LEADER 00891nam0 2200277 450 001 000024614 005 20090318101611.0 100 $a20090318d1968----km-y0itay50------ba 101 0 $aeng 102 $aUS 105 $aa-------001yy 200 1 $aChoice of techniques$ean aspect of the theory of planned economic development$fAmartya Kumar Sen 205 $a3rd ed. 210 $aNew York$cKelley$d1968 215 $aXXIX, 113 p.$cill.$d23 cm 500 10$aChoice of techniques$943928 610 1 $aSviluppo economico$aModelli matematici 610 1 $aRicerca operativa 610 1 $aEconomia 676 $a658.4034$v19$9Decisioni aziendali. Ricerca operazionale 700 1$aSen,$bAmartya Kumar$0119897 801 0$aIT$bUNIPARTHENOPE$c20090318$gRICA$2UNIMARC 912 $a000024614 951 $a112/63$bCNR-116/L$cNAVA2 996 $aChoice of techniques$943928 997 $aUNIPARTHENOPE LEADER 01378cam2 2200301 450 001 E600200031533 005 20240229150525.0 100 $a20071114d1988 |||||ita|0103 ba 101 $aeng 102 $aIT 200 1 $aHourly values and graphycs of the geomagnetic variations and total intensity at Capri station during the year 1982$fA. Galdi$gA. Sposito$gM. Vultaggio 210 $aNapoli$cIstituto Universitario Navale$d1988 215 $a56 p.$d25 cm 300 $aAppendice agli "Annali" dell' Istituto Universitario Navale-Napoli Volume LV 461 1$1001SOBE00076305$12001 $aAnnali della Facoltà di scienze nautiche / Istituto universitario navale, Napoli 700 1$aGaldi$b, Amalia$3A600200027835$4070$0566701 701 1$aSposito, Antonino$3A600200060778$4070$0630092 701 1$aVultaggio, Mario$3A600200060779$4070$0306262 712 02$a*Istituto *universitario *navale $3SOBA00027719$4070 801 0$aIT$bUNISOB$c20240229$gRICA 850 $aUNISOB 852 $aUNISOB$j500$m51031 912 $aE600200031533 940 $aM 102 Monografia moderna SBN 941 $aM 957 $a500$b000104$gSi$d51031$rdono$1pregresso2$2UNISOB$3UNISOB$420071114151219.0$520160129101242.0$6cutolo 996 $aHourly values and graphycs of the geomagnetic variations and total intensity at Capri station during the year 1982$94128035 997 $aUNISOB